00000000nam 2200000zi 4500
0019.934701
003CaOODSP
00520241120092132
006m     o  d f      
007cr mn|||||||||
008240229t20242024quca    o    f000 0 eng d
020 |a9780660705408
040 |aCaOODSP|beng|erda|cCaOODSP
0861 |aFo113-1/132-2024E-PDF
24500|aPredicting insect attacks to better plan post-fire salvage logging operations.
264 1|a[Quebec] : |bNatural Resources Canada = Ressources naturelles Canada, |c2024.
264 4|c©2024
300 |a1 online resource (2 unnumbered pages) : |bcolour illustrations.
336 |atext|btxt|2rdacontent
337 |acomputer|bc|2rdamedia
338 |aonline resource|bcr|2rdacarrier
4901 |aBranching out from the Canadian Forest Service - Laurentian Forestry Centre, |y1705-5792 ; |v132
500 |aIssued also in French under title: Anticiper les attaques d'insectes pour mieux planifier les coupes de récupération après feu.
500 |aISSN of series should read 1705-5792.
650 0|aForest insects|xForecasting.
650 0|aTrees|xDiseases and pests|xForecasting.
650 0|aSalvage logging|xEnvironmental aspects.
650 0|aForest fires|xEnvironmental aspects.
7102 |aLaurentian Forestry Centre, |eissuing body.
77508|tAnticiper les attaques d'insectes pour mieux planifier les coupes de récupération après feu.|w(CaOODSP)9.934704
7760#|tPredicting insect attacks to better plan post-fire salvage logging operations.|w(CaOODSP)9.934702
830#0|aBranching out from the Canadian Forest Service, Laurentian Forestry Centre ;|v132.|w(CaOODSP)9.504686
85640|qPDF|s2.64 MB|uhttps://publications.gc.ca/collections/collection_2024/rncan-nrcan/Fo113-1-132-2024-eng.pdf